| 000 | 01038cam a22002651i 4500 | ||
|---|---|---|---|
| 003 | SA-RiAUC | ||
| 005 | 20250121122701.0 | ||
| 008 | 250119s1965 sy g 000 0 ara c | ||
| 040 |
_aSA-JeALM _bara _cSA-RiAUC _erda |
||
| 082 | 0 | 4 |
_a370.1 _qSA-RiAUC |
| 090 |
_a370.1 _b ع ر ق |
||
| 100 | 1 |
_aعرقسوسي، محمد خير _eمؤلف. |
|
| 245 | 1 | 2 |
_aالموازنة في أصول التربية المقارنة / _cمحمد خير عرقسوسي. |
| 264 | 1 |
_aدمشق : _bمؤسسة ومكتبة الخافقين، _c1965 |
|
| 300 |
_aمجلد ؛ _c24 سم |
||
| 336 |
_aنص _btxt _2rdacontent _3كتاب |
||
| 337 |
_aبدون وسيط _bn _2rdamedia |
||
| 338 |
_aمجلد _bnc _2rdacarrier |
||
| 500 | _aاهداء من المؤلف محمد خير عرقسوسي . | ||
| 505 | 0 | _aالمحتويات : مجلد 1. الدراسات النظرية. | |
| 650 | 7 |
_aالتعليم _xفلسفة _2aucsh |
|
| 650 | 7 |
_aالتعليم المقارن _2aucsh |
|
| 942 |
_2ddc _cBOOK _n0 |
||
| 949 |
_aSA-JeALM _d250119 _uosman123 _n1 |
||
| 999 |
_c5069 _d5069 |
||